000 01016nam0a22002771 4500
001 rc\858981
005 20250622021738.0
035 _a(NLR Aleph) 006038818
090 _a7605840
_c7605840
100 _a20041129d1984 |||y0rusy50 ca
101 0 _arus
102 _aRU
105 _aa |||||||||
200 1 _aСпектрально-временная характеристика сейсмической опасности
210 _aМ.
_cНаука
_d1984
215 _a180 с.
_cил.
_d21
300 _aВ надзаг.: АН СССР, Ин-т физики Земли им. О.Ю. Шмидта
320 _aБиблиогр.: с. 169-178 (240 назв.)
700 1 _4070
_7ca
_8rus
_aРизниченко
_bЮ. В.
_f1911-1981
_gЮрий Владимирович
_9251266
_3RU\NLR\AUTH\770251322
701 1 _aСейдузова
_bС.С.
_gСаида Салимовна
801 0 _aRU
_bNLR
_gpsbo
801 1 _aRU
_bELAR
_2rusmarc
852 _aNLR
_j84-5/2446
942 _cBOOK
980 _aNB